LEADER 00731nam a2200193 i 4500 001 000000191373 003 CaOOAMICUS 005 20100727000000.0 008 100727s1951 it u000 u lat u 013 $a169904 040 $aSeMil$bita 100 1 $aMatteo : da Coronata .$0(OLS)http://semarc/name/10492 245 10$a5: Index rerum et appendices. 250 $aEd. 3. aucta et emendata. 300 $a417 p. ;$c22 cm. 773 0 $aMatteo : da Coronata $tInstitutiones Iuris Canonici.$dTaurini ; Romae : Marietti, 1950.$g5$w()23561 850 $aSeMil 852 $aSeMil$W1$xVenegono$y1$m2H VII 6$j262641$B141987$CSeMilBibl$Z2$F153560 $81 996 $6245$a5: Index rerum et appendices$9(OLS)http://semarc/title/275739 LEADER 00900nam a2200205 i 4500 001 000000205239 003 CaOOAMICUS 005 20110818000000.0 008 110818s1949 it u000 u ita u 013 $a183975 040 $aSeMil$bita 100 1 $aTodeschini, Marco.$0(OLS)http://semarc/name/73885 245 13$aLa teoria delle apparenze :$bspazio-dinamica e psico-bio-fisica /$cdott. ing. Marco Todeschini. 260 $aBergamo :$bIstituto Italiano d'Arti Grafiche,$c1949. 300 $aXXIV, 971 p. ;$c25 cm. 650 4$aScienze - Teorie.$0(OLS)http://semarc/subject/16392 850 $aSeMil 852 $aSeMil$W1$xVenegono$y1$m3W IV 214$j155733$B155733$CSeMilBibl$Z2$F167069 $81 996 $6245$aLa teoria delle apparenze :$bspazio-dinamica e psico-bio-fisica$9(OLS)http://semarc/title/297099 996 $6260$aBergamo :$bIstituto Italiano d'Arti Grafiche$9(OLS)http://semarc/publisher/29676 LEADER 01248nam a2200265 i 4500 001 000000136842 003 CaOOAMICUS 005 20050401000000.0 008 050401s1995 xxk u000 u eng u 013 $a110561 020 $a0-415-12980-X 040 $aSeMil$bita 245 10$aModelling early Christianity :$bSocial-scientific studies of the New Testament in its context /$cEdited by Philip F. Esler. 260 $aLondon ; New York :$bRoutledge,$c1995. 300 $axv, 349 p. ;$c24 cm. 500 $aContiene : References. 650 4$aBibbia - NT - Sociologia.$0(OLS)http://semarc/subject/26904 650 4$aBibbia. Nuovo Testamento - Commentari, studi, critica, interpretazioni.$0(OLS)http://semarc/subject/184 700 1 $aEsler, Philip Francis,$d<1952- >.$0(OLS)http://semarc/name/55613 850 $aSeMil 852 $aSeMil$W1$xVenegono$y1$m2V V 37$j270293$B90424$CSeMilBibl$Z2$F95744 $81 961 $aOmaggio: Bressan don Luca 996 $6020$a0-415-12980-X$9(OLS)http://semarc/number/124443 996 $6245$aModelling early Christianity :$bSocial-scientific studies of the New Testament in its context$9(OLS)http://semarc/title/199950 996 $6260$aLondon ; New York :$bRoutledge$9(OLS)http://semarc/publisher/35527